00959nam a2200277 a 450000100060000000300080000600500170001400800410003102000180007202000260009003500190011604000440013504100080017908200240018724501340021126000390034530000170038450400810040150500110048250600430049365000160053665000290055265500220058170000390060370000390064263818BD-RjUL20211209081233.0170204t19781978nyu sb 001 0 eng d a9780124266018 a9781483264868 (ebook) a(BD-RjUL)63948 aCaPaEBRbengerdaepncCaPaEBRdBD-RjUL aeng04a519.5223bKRD 197800aDevelopments in statistics /nVolume 1 /cedited by Paruchuri R. Krishnaiah ; contributors, A. V. Balakrishnan [and five others]. aNew York :bAcademic Press, c1978 aV. 1c22 cm. aIncludes bibliographical references at the end of each chapters and indexes.0 aVol. 1 aLicense restrictions may limit access. 0aStatistics. 0aMathematical statistics. 0aElectronic books.1 aKrishnaiah, Paruchuri R.,eeditor.1 aBalakrishnan, A. V.,econtributor.